| 000 | 00815nas a2200253 4500 | ||
|---|---|---|---|
| 001 | BR9211069 | ||
| 003 | BR-BrBNA | ||
| 005 | 20231205093429.0 | ||
| 007 | ta | ||
| 008 | 230509b bl.|||p| |||| 00| 00por d | ||
| 040 |
_aBR-BrBNA _bpor _cBiblioteca Nacional de Agricultura |
||
| 041 | _a(Pt) | ||
| 072 | _aM12 | ||
| 100 | 1 | _aHenry, R. | |
| 245 | 1 | _aAmonia ou fosfato como agente estimulador do crescimento do fitoplancton na represa de Jurumirim (Rio Paranapanema, Sao Paulo) | |
| 650 | _aFITOPLANCTON | ||
| 650 | _aAMONIA | ||
| 650 | _aFOSFATO | ||
| 650 | _aESTIMULANTE DE CRESCIMENTO VEGETAL | ||
| 650 | _aSAO PAULO | ||
| 773 | 0 |
_tRevista Brasileira de Biologia (Brazil) _xISSN 0034-7108 _g(Nov 1990), v. 50(4) p. 883-892 _wBR9211069 |
|
| 909 |
_a202311 _bLúcia _c55 _dLúcia Elande |
||
| 942 |
_2AGRIS _n0 _cANA |
||
| 999 |
_c138278 _d138278 |
||